| 000 | 01293cam a2200277 a 4500 | ||
|---|---|---|---|
| 999 |
_c128936 _d128936 |
||
| 001 | 15966755 | ||
| 003 | ARRUPE | ||
| 005 | 20190214105459.0 | ||
| 008 | 091030s2008 rh 000 0 eng | ||
| 010 | _a 2009334652 | ||
| 040 |
_aDLC _cDLC _dDLC |
||
| 042 | _alcode | ||
| 043 | _af-rh--- | ||
| 050 | 0 | 0 |
_aSPC. JQ2927.A1 _bH847 2008 |
| 245 | 0 | 4 |
_aHow can a ball point pen fight with a gun: _breport on the Zimbabwe presidential run-off and House of Assembly by-elections held on 27 June 2008 / _c[compiled by the Catholic Commission for Justice and Peace in Zimbabwe (CCJPZ)]. |
| 246 | 3 | 0 | _aReport on the Zimbabwe presidential run-off and House of Assembly by-elections held on 27 June 2008 |
| 260 |
_aHarare, Zimbabwe : _bCCJPZ, _c[2008] |
||
| 300 |
_a43 p. ; _c30 cm. |
||
| 500 | _aCover title. | ||
| 651 |
_aZimbabwe _xElections 2008 _944485 |
||
| 710 | 2 |
_aCatholic Church. _bZimbabwe Catholic Bishops' Conference. _943101 |
|
| 710 | 2 |
_aCatholic Commission for Justice and Peace in Zimbabwe. _928867 |
|
| 906 |
_a7 _bcbc _corigode _d3 _encip _f20 _gy-gencatlg |
||
| 942 |
_2lcc _cSPC |
||